New Zealand in the making; (Record no. 2590)

MARC details
000 -LEADER
fixed length control field 00887cam a22002891 4500
001 - CONTROL NUMBER
control field 8417964
003 - CONTROL NUMBER IDENTIFIER
control field OSt
005 - DATE AND TIME OF LATEST TRANSACTION
control field 20230626085230.0
008 - FIXED-LENGTH DATA ELEMENTS--GENERAL INFORMATION
fixed length control field 750808s1959 xx 000 0 eng
010 ## - LIBRARY OF CONGRESS CONTROL NUMBER
LC control number 59002797
015 ## - NATIONAL BIBLIOGRAPHY NUMBER
National bibliography number GB59-2971
035 ## - SYSTEM CONTROL NUMBER
System control number (OCoLC)1526531
040 ## - CATALOGING SOURCE
Original cataloging agency DLC
Transcribing agency FJUNF
Modifying agency OCoLC
-- Uk
-- DLC
042 ## - AUTHENTICATION CODE
Authentication code premarc
082 ## - DEWEY DECIMAL CLASSIFICATION NUMBER
Classification number 330.99
Item number CON
100 1# - MAIN ENTRY--PERSONAL NAME
Personal name Condliffe, J. B.
Fuller form of name (John Bell),
Dates associated with a name 1891-1981.
245 10 - TITLE STATEMENT
Title New Zealand in the making;
Remainder of title a study of economic and social development.
250 ## - EDITION STATEMENT
Edition statement [2d rev. ed.]
260 ## - PUBLICATION, DISTRIBUTION, ETC. (IMPRINT)
Place of publication, distribution, etc. London,
Name of publisher, distributor, etc. Allen & Unwin
Date of publication, distribution, etc. [1959]
300 ## - PHYSICAL DESCRIPTION
Extent 316 p.
Other physical details illus.
Dimensions 23 cm.
504 ## - BIBLIOGRAPHY, ETC. NOTE
Bibliography, etc Includes bibliography.
651 #0 - SUBJECT ADDED ENTRY--GEOGRAPHIC NAME
Geographic name New Zealand
General subdivision Economic conditions.
651 #0 - SUBJECT ADDED ENTRY--GEOGRAPHIC NAME
Geographic name New Zealand
General subdivision Social conditions.
651 #0 - SUBJECT ADDED ENTRY--GEOGRAPHIC NAME
Geographic name New Zealand
General subdivision Politics and government.
906 ## - LOCAL DATA ELEMENT F, LDF (RLIN)
a 7
b cbc
c oclcrpl
d u
e ncip
f 19
g y-gencatlg
942 ## - ADDED ENTRY ELEMENTS (KOHA)
Source of classification or shelving scheme Dewey Decimal Classification
Koha item type Books
Holdings
Withdrawn status Lost status Source of classification or shelving scheme Damaged status Not for loan Home library Current library Date acquired Total Checkouts Full call number Barcode Date last seen Price effective from Koha item type
    Dewey Decimal Classification     County Hall Archives County Hall Archives 06/26/2023   330.99 CON 10001947 06/26/2023 06/26/2023 Books
LIBRARY OPENING HOURS

When the Parliament is sitting: 8.00a.m - 7.00p.m or until the house adjourns
Mondays and Fridays and when the House is on Recess:  8.00a.m - 5.00p.m
Closed on Weekends and Public Holidays

Online Public Access Catalog (OPAC)
Website: http://www.parliament.go.ke
Bunge Library: https://libraryir.parliament.go.ke
Contact: library@parliament.go.ke | Tel no: (254-2)2221291 or 2848000 Ext 5043